|
|
|
|
| LEADER |
00809cam a2200217 7i4500 |
| 001 |
0000050829 |
| 005 |
20250106090000.0 |
| 090 |
0 |
0 |
|a KD667.M4
|b P45 1967
|
| 100 |
0 |
|
|a Powell - Smith, Vincent
|
| 245 |
1 |
0 |
|a Blackwell's law of meetings
|c by Vincent Powell - Smith.
|
| 250 |
|
|
|a 9th ed.
|
| 260 |
|
|
|a London:
|b Butterworths,
|c 1967.
|
| 300 |
|
|
|a xxxvii, 234 p.:
|b Tables;
|c 19 cm.
|
| 504 |
|
|
|a Includes bibliographical references and index
|
| 650 |
0 |
0 |
|a Parliamentary practice --
|z Great Britain
|
| 650 |
0 |
0 |
|a Corporate meetings --
|x Law and legislation --
|z Great Britain
|
| 650 |
0 |
0 |
|a Public meetings --
|z Great Britain
|
| 700 |
1 |
|
|a Powell-Smith, Vincent
|
| 740 |
0 |
|
|a Law of meetings
|
| 997 |
|
|
|a AIDCOMM - Communication and Media, Faculty
|
| 999 |
|
|
|a ZARC003496
|b BOK
|c OPEN SHELF
|e Zainol Ahmad Resource Center
|